Leader xxxxxxxxxx
001 __ PCLIS00055752
005 __ 20220225152303.0
010 0_ |a978-986-388-053-0|b平裝|dNT$450
042 __ |anbim
100 __ |a20160302d2017 m y0chiy09 e
101 0_ |achi
102 __ |atw
105 __ |ay z 000zy
200 1_ |a三國人物解碼|f青燈下的古佛著
205 __ |a初版
210 __ |a臺北市|c龍圖騰文化出版|a新北市土城區|c創智文化總經銷|d2017.04[民106]
211 __ |a1604
215 0_ |a435面|d21公分
225 1_ |a悅讀新詮系列|vGHC09
300 __ |a著者本名李俊杰
605 __ |2cst|a三國演義
606 __ |2cst|a研究考訂
681 __ |a857.4523|b8433
700 _0 |a青燈下的古佛|4著
770 _1 |a李|b俊杰|4著
801 _0 |atw|bCIP
801 _1 |atw|b內湖高中|c20220128|gCCR
801 _2 |atw|b內湖高中|c20220128|gCCR
|